17 drapeaux - Statistiques

Statistiques générales
  • Ce quiz a été pris 37 fois
  • Le résultat moyen est 11 sur 17
Statistiques - réponses
Par images Réponse % Correct
koweit
78%
Madagascar
78%
Brunei
75%
Ghana
75%
mauritanie
75%
Oman
72%
ouzbekistan
72%
Togo
72%
armenie
69%
papouasie nouvelle guinee
69%
bahrein
63%
Bénin
63%
Gabon
63%
Maldives
63%
gambi
53%
Guyana
44%
afganistan
28%
Aucun quiz correspondant
Distribution des résultats
% des personnes avec chaque résultat
Percentile par nombre de réponses
Votre historique - résultats
Vous n’avez pas pris ce quiz